000 01700nam a2200433 c 4500
001 8920
003 ES-MaCES
005 20150924145330.0
008 990526s1998 sp bd 000 | spa d
017 _aM 31361-1998
_bDL
035 _aCES19990008266m
040 _aES-MaCES
_bspa
_cES-MaCES
110 2 _aFundación para la Formación Continua
_93879
245 1 0 _aMemoria 1996 [de la] Comisión Paritaria Sectorial de Consultoras de Planificación, Organización de Empresas y Contable
260 _aMadrid
_bFundación para la Formación Continua (FORCEM)
_cD.L. 1998
300 _a65 p.
_bgráf., map.
_c28 cm
_efe de erratas (1 h.)
500 _aTít. tomado de la cub.
541 _cGratuito
610 2 4 _aFundación para la Formación Continua
_93879
650 4 _aservicio de consultoría
_929776
650 4 _aconsultor de empresas
_928189
650 4 _aplanificación corporativa
_930332
650 4 _aorganización de la empresa
_928193
650 4 _aformación profesional permanente
_929931
650 4 _aformación en la empresa
_927452
650 4 _aplanificación de la formación
_929959
650 4 _aprograma de formación
_929083
650 4 _aEspaña
_926964
650 4 _aComunidades Autónomas
_930768
650 4 _a1996
_930975
650 4 _amemoria anual
_928977
650 4 _ainforme de actividades
_928984
653 1 0 _aEducación
650 4 _926745
_acontabilidad
787 0 _tMemoria 1997 de la aplicación del II ANFC [de la] Comisión Paritaria Sectorial de Consultoras de Planificación, Organización de Empresas y Contable
_w(ES-MaCES)11054
902 _aLIB Libro
942 _2CES
_cBK
_h4.0.
999 _c8920
_d8920